[Event "Team men PL final"]
[Site "Sochi"]
[Date "2018.05.02"]
[Round "2.24"]
[White "Faizrakhmanov, Ramil"]
[Black "Khanin, Semen"]
[Result "0-1"]
[BlackElo "2477"]
[WhiteElo "2419"]
[LiveChessVersion "1.4.8"]

1. d4 {[%clk 1:30:54]} Nf6 {[%clk 1:30:54]} 2. c4 {[%clk 1:31:10]} e6
{[%clk 1:31:19]} 3. Nf3 {[%clk 1:31:12]} d5 {[%clk 1:31:34]} 4. Nc3
{[%clk 1:31:10]} a6 {[%clk 1:32:00]} 5. cxd5 {[%clk 1:27:48]} exd5
{[%clk 1:32:23]} 6. Bg5 {[%clk 1:27:55]} Be6 {[%clk 1:32:47]} 7. e3
{[%clk 1:27:07]} Nbd7 {[%clk 1:33:10]} 8. Bd3 {[%clk 1:22:24]} h6
{[%clk 1:32:47]} 9. Bh4 {[%clk 1:21:51]} Bd6 {[%clk 1:28:28]} 10. O-O
{[%clk 1:20:59]} O-O {[%clk 1:28:35]} 11. a3 {[%clk 1:17:44]} c6 {[%clk 1:27:53]}
12. Rc1 {[%clk 1:16:15]} Re8 {[%clk 1:24:22]} 13. Na4 {[%clk 1:09:50]} a5
{[%clk 1:13:27]} 14. Nc5 {[%clk 1:04:40]} Nxc5 {[%clk 1:11:25]} 15. dxc5
{[%clk 1:04:54]} Be7 {[%clk 1:11:02]} 16. Nd4 {[%clk 1:02:14]} a4
{[%clk 1:05:34]} 17. Nxe6 {[%clk 0:46:15]} fxe6 {[%clk 1:05:58]} 18. Bxf6
{[%clk 0:45:50]} Bxf6 {[%clk 1:06:18]} 19. Bc2 {[%clk 0:45:05]} Bxb2
{[%clk 0:48:09]} 20. Rb1 {[%clk 0:45:07]} Qf6 {[%clk 0:48:34]} 21. Qd3
{[%clk 0:43:15]} Kf8 {[%clk 0:19:39]} 22. f4 {[%clk 0:39:55]} Qc3
{[%clk 0:19:45]} 23. Qh7 {[%clk 0:32:00]} Ke7 {[%clk 0:19:24]} 24. f5
{[%clk 0:25:53]} exf5 {[%clk 0:19:11]} 25. Bxf5 {[%clk 0:25:10]} Kd8
{[%clk 0:10:27]} 26. Bg6 {[%clk 0:18:26]} Kc7 {[%clk 0:10:52]} 27. Bxe8
{[%clk 0:17:39]} Rxe8 {[%clk 0:11:19]} 28. Kh1 {[%clk 0:17:00]} Kb8
{[%clk 0:08:41]} 29. Qf5 {[%clk 0:15:34]} Ka7 {[%clk 0:07:03]} 30. Qd7
{[%clk 0:11:53]} Rxe3 {[%clk 0:07:01]} 31. Qc7 {[%clk 0:11:42]} Qxc5
{[%clk 0:05:47]} 32. Rxb2 {[%clk 0:11:46]} Rb3 {[%clk 0:06:16]} 33. Rxb3
{[%clk 0:09:13]} axb3 {[%clk 0:06:42]} 34. Qxg7 {[%clk 0:09:32]} d4
{[%clk 0:06:25]} 35. Qxh6 {[%clk 0:05:03]} Qc2 {[%clk 0:04:39]} 36. Qd6
{[%clk 0:03:42]} c5 {[%clk 0:02:03]} 37. Qc7 {[%clk 0:01:34]} Qc3
{[%clk 0:02:32]} 38. Qd7 {[%clk 0:00:59]} Qc4 {[%clk 0:01:40]} 39. Kg1
{[%clk 0:00:35]} b2 {[%clk 0:01:57]} 40. Qf5 {[%clk 0:30:36]} d3 {[%clk 0:32:04]}
41. Qf3 {[%clk 0:18:01]} Qc2 {[%clk 0:31:52]} 42. Qe3 {[%clk 0:12:49]} d2
{[%clk 0:30:06]} 0-1

[Event "Team men PL final"]
[Site "Sochi"]
[Date "2018.05.02"]
[Round "2.25"]
[White "Ponkratov, Pavel"]
[Black "Romanov, Evgeny"]
[Result "1-0"]
[BlackElo "2619"]
[WhiteElo "2601"]
[LiveChessVersion "1.4.8"]

1. d4 {[%clk 1:30:57]} d5 {[%clk 1:29:27]} 2. Nf3 {[%clk 1:31:07]} Nf6
{[%clk 1:27:43]} 3. g3 {[%clk 1:31:31]} c6 {[%clk 1:25:29]} 4. Bg2
{[%clk 1:31:53]} Bf5 {[%clk 1:24:52]} 5. Nh4 {[%clk 1:30:10]} Be6
{[%clk 1:21:06]} 6. O-O {[%clk 1:29:47]} g6 {[%clk 1:21:22]} 7. f3
{[%clk 1:17:23]} c5 {[%clk 1:19:16]} 8. dxc5 {[%clk 1:17:46]} Bg7
{[%clk 1:17:52]} 9. f4 {[%clk 1:03:43]} Qc8 {[%clk 1:16:27]} 10. Be3
{[%clk 0:49:35]} O-O {[%clk 1:08:47]} 11. c3 {[%clk 0:44:39]} Bh3
{[%clk 1:03:21]} 12. Nd2 {[%clk 0:39:18]} Bxg2 {[%clk 1:00:28]} 13. Kxg2
{[%clk 0:38:35]} Na6 {[%clk 0:48:03]} 14. Nb3 {[%clk 0:36:48]} Rd8
{[%clk 0:48:09]} 15. Bd4 {[%clk 0:12:56]} Ne4 {[%clk 0:45:59]} 16. Nf3
{[%clk 0:12:18]} Naxc5 {[%clk 0:44:43]} 17. Nxc5 {[%clk 0:11:23]} Nxc5
{[%clk 0:45:00]} 18. Bxg7 {[%clk 0:11:29]} Kxg7 {[%clk 0:45:19]} 19. Qd4+
{[%clk 0:11:37]} Kg8 {[%clk 0:42:39]} 20. Rad1 {[%clk 0:11:11]} Ne4
{[%clk 0:41:07]} 21. Rd3 {[%clk 0:07:29]} b5 {[%clk 0:34:58]} 22. Ng5
{[%clk 0:06:39]} Qf5 {[%clk 0:20:58]} 23. Qe3 {[%clk 0:01:40]} e5
{[%clk 0:16:16]} 24. h4 {[%clk 0:01:36]} Nxg5 {[%clk 0:13:40]} 25. hxg5
{[%clk 0:01:53]} e4 {[%clk 0:11:13]} 26. Rd4 {[%clk 0:02:18]} a5 {[%clk 0:09:56]}
27. Rfd1 {[%clk 0:02:40]} Rd7 {[%clk 0:09:58]} 28. Qd2 {[%clk 0:02:08]} Qg4
{[%clk 0:08:58]} 29. Qe3 {[%clk 0:01:29]} Qf5 {[%clk 0:09:14]} 30. R1d2
{[%clk 0:01:27]} Rb8 {[%clk 0:06:22]} 31. Qg1 {[%clk 0:01:34]} a4
{[%clk 0:03:05]} 32. Qd1 {[%clk 0:01:27]} Rbd8 {[%clk 0:03:33]} 33. Rb4
{[%clk 0:01:28]} Rb8 {[%clk 0:03:30]} 34. e3 {[%clk 0:00:51]} Qe6
{[%clk 0:03:44]} 35. a3 {[%clk 0:00:43]} Rb6 {[%clk 0:03:09]} 36. Rbd4
{[%clk 0:00:43]} Rbd6 {[%clk 0:03:09]} 37. Rb4 {[%clk 0:01:05]} Rb6
{[%clk 0:03:26]} 38. Qe2 {[%clk 0:01:21]} Rdb7 {[%clk 0:03:03]} 39. Qf1
{[%clk 0:01:41]} Kg7 {[%clk 0:02:21]} 40. Qh1 {[%clk 0:32:22]} Rd6
{[%clk 0:31:22]} 41. Qh3 {[%clk 0:28:05]} Rc6 {[%clk 0:12:43]} 42. Rbd4
{[%clk 0:27:00]} Rc5 {[%clk 0:13:00]} 43. g4 {[%clk 0:27:05]} Kg8
{[%clk 0:09:48]} 44. Kg3 {[%clk 0:14:38]} Rd7 {[%clk 0:09:10]} 45. Qh4
{[%clk 0:14:36]} Rc4 {[%clk 0:06:39]} 46. Rh2 {[%clk 0:14:48]} f6
{[%clk 0:06:36]} 47. gxf6 {[%clk 0:13:04]} Rxd4 {[%clk 0:07:02]} 48. cxd4
{[%clk 0:13:12]} Qc6 {[%clk 0:05:42]} 49. Qg5 {[%clk 0:09:44]} Rf7
{[%clk 0:04:18]} 50. f5 {[%clk 0:08:03]} Rxf6 {[%clk 0:03:57]} 51. Rc2
{[%clk 0:06:21]} Qxc2 {[%clk 0:00:57]} 52. Qxf6 {[%clk 0:06:47]} Qe2
{[%clk 0:00:43]} 53. Qd8+ {[%clk 0:07:07]} Kg7 {[%clk 0:01:03]} 54. Qe7+
{[%clk 0:05:08]} Kg8 {[%clk 0:01:32]} 55. Kf4 {[%clk 0:03:17]} gxf5
{[%clk 0:01:09]} 56. gxf5 {[%clk 0:02:57]} Qf3+ {[%clk 0:01:04]} 57. Ke5
{[%clk 0:03:20]} Qxe3 {[%clk 0:01:16]} 58. Qe8+ {[%clk 0:03:19]} Kg7
{[%clk 0:01:43]} 59. f6+ {[%clk 0:03:44]} Kh6 {[%clk 0:02:09]} 60. Qf8+
{[%clk 0:04:08]} Kh5 {[%clk 0:02:25]} 61. Qf7+ {[%clk 0:04:18]} Kg4
{[%clk 0:02:20]} 62. Qg7+ {[%clk 0:04:43]} Kf3 {[%clk 0:02:11]} 63. f7
{[%clk 0:05:10]} Qf4+ {[%clk 0:02:30]} 1-0

[Event "Team men PL final"]
[Site "Sochi"]
[Date "2018.05.02"]
[Round "2.26"]
[White "Alekseev, Evgeny"]
[Black "Bezgodov, Alexei"]
[Result "1/2-1/2"]
[BlackElo "2460"]
[WhiteElo "2622"]
[LiveChessVersion "1.4.8"]

1. Nf3 {[%clk 1:30:55]} Nf6 {[%clk 1:31:15]} 2. c4 {[%clk 1:29:59]} e6
{[%clk 1:31:18]} 3. Nc3 {[%clk 1:27:47]} d5 {[%clk 1:31:07]} 4. e3
{[%clk 1:27:44]} c5 {[%clk 1:28:16]} 5. cxd5 {[%clk 1:27:35]} exd5
{[%clk 1:18:57]} 6. d4 {[%clk 1:24:35]} Nc6 {[%clk 1:16:41]} 7. Bb5
{[%clk 1:22:59]} cxd4 {[%clk 1:11:45]} 8. Nxd4 {[%clk 1:22:34]} Bd7
{[%clk 1:11:18]} 9. Nf3 {[%clk 1:16:14]} Be6 {[%clk 1:07:53]} 10. O-O
{[%clk 1:10:01]} Bd6 {[%clk 1:05:49]} 11. b3 {[%clk 1:06:47]} O-O
{[%clk 1:05:30]} 12. Bb2 {[%clk 1:06:44]} Ne5 {[%clk 0:48:29]} 13. Nd4
{[%clk 1:05:22]} Rc8 {[%clk 0:42:43]} 14. Rc1 {[%clk 0:59:46]} Qe7
{[%clk 0:39:41]} 15. Bd3 {[%clk 0:50:44]} Bg4 {[%clk 0:25:40]} 16. Be2
{[%clk 0:47:18]} Bxe2 {[%clk 0:18:06]} 17. Ndxe2 {[%clk 0:30:36]} Rcd8
{[%clk 0:12:41]} 18. Nb5 {[%clk 0:24:00]} a6 {[%clk 0:09:15]} 19. Nxd6
{[%clk 0:24:04]} Qxd6 {[%clk 0:09:42]} 20. Ng3 {[%clk 0:20:03]} Rfe8
{[%clk 0:09:18]} 21. Qc2 {[%clk 0:19:38]} h5 {[%clk 0:08:27]} 22. Rfd1
{[%clk 0:15:25]} Rc8 {[%clk 0:07:09]} 23. Qe2 {[%clk 0:12:37]} Rxc1
{[%clk 0:06:55]} 24. Rxc1 {[%clk 0:12:44]} g6 {[%clk 0:06:45]} 25. h3
{[%clk 0:11:32]} Ne4 {[%clk 0:05:36]} 26. Nf1 {[%clk 0:11:55]} Nc6
{[%clk 0:05:01]} 27. Rd1 {[%clk 0:07:19]} Qe6 {[%clk 0:05:02]} 28. Nh2
{[%clk 0:07:08]} f6 {[%clk 0:04:09]} 29. Nf3 {[%clk 0:07:21]} Kf7
{[%clk 0:04:11]} 30. Rc1 {[%clk 0:06:51]} Rc8 {[%clk 0:04:15]} 31. Qd1
{[%clk 0:05:32]} Ne7 {[%clk 0:04:05]} 32. Nd4 {[%clk 0:05:40]} Qd7
{[%clk 0:03:57]} 33. Ne2 {[%clk 0:03:33]} Qf5 {[%clk 0:03:35]} 34. f3
{[%clk 0:03:36]} Ng5 {[%clk 0:03:43]} 35. Rxc8 {[%clk 0:03:02]} Qxc8
{[%clk 0:03:50]} 36. Nf4 {[%clk 0:01:48]} Qc5 {[%clk 0:02:49]} 37. Bd4
{[%clk 0:01:24]} Qc6 {[%clk 0:03:04]} 38. Bb2 {[%clk 0:01:29]} Ne6
{[%clk 0:03:17]} 39. Nxe6 {[%clk 0:01:21]} Qxe6 {[%clk 0:33:41]} 40. Kf2
{[%clk 0:31:17]} h4 {[%clk 0:32:47]} 41. Qd4 {[%clk 0:30:11]} 1/2-1/2

[Event "Team men PL final"]
[Site "Sochi"]
[Date "2018.05.02"]
[Round "2.27"]
[White "Looshnikov, Nikolai"]
[Black "Lobanov, Sergei"]
[Result "0-1"]
[BlackElo "2515"]
[WhiteElo "2435"]
[LiveChessVersion "1.4.8"]

1. e4 {[%clk 1:30:58]} c6 {[%clk 1:30:50]} 2. c4 {[%clk 1:31:16]} d5
{[%clk 1:31:15]} 3. cxd5 {[%clk 1:31:41]} cxd5 {[%clk 1:31:42]} 4. exd5
{[%clk 1:32:06]} Nf6 {[%clk 1:32:03]} 5. Bb5+ {[%clk 1:32:31]} Nbd7
{[%clk 1:31:01]} 6. Nc3 {[%clk 1:32:52]} a6 {[%clk 1:24:41]} 7. Bxd7+
{[%clk 1:30:41]} Qxd7 {[%clk 1:24:38]} 8. Nf3 {[%clk 1:31:05]} Nxd5
{[%clk 1:19:56]} 9. O-O {[%clk 1:30:58]} f6 {[%clk 1:11:41]} 10. Re1
{[%clk 1:01:49]} e6 {[%clk 0:56:37]} 11. Qb3 {[%clk 0:57:29]} Be7
{[%clk 0:52:02]} 12. d4 {[%clk 0:48:10]} b5 {[%clk 0:47:52]} 13. Ne4
{[%clk 0:34:13]} Bb7 {[%clk 0:47:37]} 14. Nc5 {[%clk 0:28:22]} Bxc5
{[%clk 0:48:01]} 15. dxc5 {[%clk 0:28:50]} O-O {[%clk 0:47:40]} 16. a4
{[%clk 0:22:43]} b4 {[%clk 0:41:15]} 17. Nd4 {[%clk 0:18:15]} e5 {[%clk 0:35:43]}
18. Nc2 {[%clk 0:18:14]} a5 {[%clk 0:35:45]} 19. f4 {[%clk 0:04:28]} Kh8
{[%clk 0:32:34]} 20. fxe5 {[%clk 0:02:45]} fxe5 {[%clk 0:33:02]} 21. Rxe5
{[%clk 0:02:11]} Qc7 {[%clk 0:30:47]} 22. Re1 {[%clk 0:01:41]} Qxc5+
{[%clk 0:30:56]} 23. Be3 {[%clk 0:01:56]} Nxe3 {[%clk 0:29:49]} 24. Nxe3
{[%clk 0:02:13]} Rae8 {[%clk 0:28:51]} 25. Rac1 {[%clk 0:01:00]} Qg5
{[%clk 0:28:59]} 26. Rc2 {[%clk 0:01:02]} Bd5 {[%clk 0:27:47]} 27. Rc5
{[%clk 0:00:38]} Rxe3 {[%clk 0:28:12]} 0-1

[Event "Team men PL final"]
[Site "Sochi"]
[Date "2018.05.02"]
[Round "2.28"]
[White "Usmanov, Vasily"]
[Black "Drygalov, Andrey"]
[Result "1-0"]
[BlackElo "2431"]
[WhiteElo "2472"]
[LiveChessVersion "1.4.8"]

1. d4 {[%clk 1:30:57]} d5 {[%clk 1:30:55]} 2. c4 {[%clk 1:31:19]} c6
{[%clk 1:31:20]} 3. Nf3 {[%clk 1:31:29]} Nf6 {[%clk 1:31:46]} 4. Nc3
{[%clk 1:31:54]} e6 {[%clk 1:31:41]} 5. e3 {[%clk 1:31:44]} Nbd7 {[%clk 1:32:02]}
6. Qc2 {[%clk 1:32:00]} Bd6 {[%clk 1:32:19]} 7. b3 {[%clk 1:32:02]} O-O
{[%clk 1:31:53]} 8. Be2 {[%clk 1:31:48]} b6 {[%clk 1:31:41]} 9. Bb2
{[%clk 1:31:36]} Bb7 {[%clk 1:31:58]} 10. O-O {[%clk 1:31:55]} Qe7
{[%clk 1:32:19]} 11. Rfe1 {[%clk 1:28:43]} Rad8 {[%clk 1:30:46]} 12. Rad1
{[%clk 1:22:22]} c5 {[%clk 1:22:02]} 13. cxd5 {[%clk 1:20:16]} exd5
{[%clk 1:20:54]} 14. Bf1 {[%clk 1:09:32]} Rfe8 {[%clk 1:20:05]} 15. g3
{[%clk 1:09:48]} Qf8 {[%clk 1:06:21]} 16. Bg2 {[%clk 1:06:12]} a6
{[%clk 0:49:28]} 17. dxc5 {[%clk 1:00:49]} Bxc5 {[%clk 0:49:28]} 18. Re2
{[%clk 0:31:28]} Bb4 {[%clk 0:38:03]} 19. Qc1 {[%clk 0:31:34]} Rc8
{[%clk 0:17:11]} 20. Rc2 {[%clk 0:30:16]} Nc5 {[%clk 0:15:29]} 21. Nd4
{[%clk 0:27:07]} Nfe4 {[%clk 0:11:25]} 22. Nce2 {[%clk 0:25:33]} Nd7
{[%clk 0:07:04]} 23. Bh3 {[%clk 0:20:45]} Nef6 {[%clk 0:05:12]} 24. Nf3
{[%clk 0:11:39]} Rxc2 {[%clk 0:05:04]} 25. Qxc2 {[%clk 0:12:06]} Bd6
{[%clk 0:04:59]} 26. Ng5 {[%clk 0:10:03]} Ne5 {[%clk 0:04:27]} 27. Nd4
{[%clk 0:05:44]} h6 {[%clk 0:04:23]} 28. Ngf3 {[%clk 0:06:12]} Ne4
{[%clk 0:02:39]} 29. Nxe5 {[%clk 0:04:56]} Bxe5 {[%clk 0:03:05]} 30. Nf3
{[%clk 0:03:24]} Bd6 {[%clk 0:02:15]} 31. Bd4 {[%clk 0:02:48]} b5
{[%clk 0:02:31]} 32. Nd2 {[%clk 0:02:05]} Ng5 {[%clk 0:02:51]} 33. Bg2
{[%clk 0:02:19]} Ne6 {[%clk 0:02:02]} 34. Bb2 {[%clk 0:02:08]} Ba3
{[%clk 0:00:46]} 35. Bxa3 {[%clk 0:01:55]} Qxa3 {[%clk 0:01:07]} 36. Nb1
{[%clk 0:02:20]} Qa5 {[%clk 0:00:56]} 37. a3 {[%clk 0:00:57]} Rc8
{[%clk 0:00:56]} 38. Qb2 {[%clk 0:01:00]} Qc7 {[%clk 0:01:22]} 39. b4
{[%clk 0:00:41]} Qc2 {[%clk 0:00:40]} 40. Qxc2 {[%clk 0:30:51]} Rxc2
{[%clk 0:31:05]} 41. h4 {[%clk 0:26:48]} Kf8 {[%clk 0:29:24]} 42. Bf3
{[%clk 0:23:41]} Ke7 {[%clk 0:27:57]} 43. Kg2 {[%clk 0:23:50]} Nc7
{[%clk 0:25:07]} 44. Rd3 {[%clk 0:23:05]} Kd6 {[%clk 0:12:50]} 45. Nc3
{[%clk 0:22:25]} Ke5 {[%clk 0:13:05]} 46. g4 {[%clk 0:17:56]} Rc1
{[%clk 0:10:40]} 47. Ne2 {[%clk 0:17:01]} Ra1 {[%clk 0:10:29]} 48. Kg3
{[%clk 0:13:49]} Na8 {[%clk 0:06:02]} 49. Rc3 {[%clk 0:12:07]} Kd6
{[%clk 0:06:17]} 50. Nd4 {[%clk 0:10:51]} g6 {[%clk 0:02:16]} 51. h5
{[%clk 0:11:10]} gxh5 {[%clk 0:02:43]} 52. gxh5 {[%clk 0:11:12]} Nb6
{[%clk 0:02:26]} 53. Nf5+ {[%clk 0:11:24]} Ke6 {[%clk 0:02:49]} 54. Rc7
{[%clk 0:10:15]} Kxf5 {[%clk 0:02:56]} 55. Rxb7 {[%clk 0:10:18]} Nc4
{[%clk 0:03:16]} 56. Bxd5 {[%clk 0:10:04]} Nd6 {[%clk 0:03:24]} 57. Rd7
{[%clk 0:08:17]} Ke5 {[%clk 0:02:43]} 58. Bxf7 Ne4+ {[%clk 0:02:24]} 59. Kg2
{[%clk 0:08:38]} Rxa3 {[%clk 0:01:36]} 60. f4+ {[%clk 0:04:44]} Kf5
{[%clk 0:01:36]} 61. Kf3 Ra1 {[%clk 0:01:03]} 62. Rd5+ {[%clk 0:04:19]} Kf6
{[%clk 0:01:03]} 63. Kxe4 {[%clk 0:04:41]} Kxf7 {[%clk 0:01:29]} 64. Rd6
{[%clk 0:05:04]} Ra4 {[%clk 0:01:05]} 65. Kf5 {[%clk 0:05:28]} a5
{[%clk 0:01:02]} 66. bxa5 Rxa5 {[%clk 0:01:26]} 67. Rb6 {[%clk 0:04:16]} b4+
{[%clk 0:01:16]} 68. Kg4 {[%clk 0:04:41]} Ra3 {[%clk 0:01:40]} 69. e4
{[%clk 0:04:57]} b3 {[%clk 0:01:39]} 70. e5 {[%clk 0:05:05]} Kg7 {[%clk 0:01:26]}
71. Kf5 {[%clk 0:05:05]} Kf8 {[%clk 0:01:16]} 72. Rxh6 {[%clk 0:04:43]} b2
{[%clk 0:01:37]} 73. Rb6 {[%clk 0:05:08]} Ra2 {[%clk 0:02:03]} 74. Rb7
{[%clk 0:05:18]} Kg8 {[%clk 0:01:50]} 75. h6 {[%clk 0:05:42]} Kh8
{[%clk 0:02:13]} 76. e6 {[%clk 0:05:32]} Kg8 {[%clk 0:02:32]} 77. Kg6
{[%clk 0:05:42]} 1-0

[Event "Team men PL final"]
[Site "Sochi"]
[Date "2018.05.02"]
[Round "2.29"]
[White "Gutenev, Alexander"]
[Black "Pershin, Denis"]
[Result "1/2-1/2"]
[BlackElo "2392"]
[WhiteElo "2474"]
[LiveChessVersion "1.4.8"]

1. e4 {[%clk 1:30:57]} c6 {[%clk 1:30:55]} 2. d4 {[%clk 1:31:19]} d5
{[%clk 1:31:20]} 3. Nd2 {[%clk 1:31:35]} dxe4 {[%clk 1:31:44]} 4. Nxe4
{[%clk 1:31:57]} Bf5 {[%clk 1:32:09]} 5. Ng3 {[%clk 1:32:06]} Bg6
{[%clk 1:32:33]} 6. h4 {[%clk 1:32:28]} h6 {[%clk 1:32:57]} 7. Nf3
{[%clk 1:32:38]} Nd7 {[%clk 1:33:22]} 8. h5 {[%clk 1:32:59]} Bh7 {[%clk 1:33:47]}
9. Bd3 {[%clk 1:33:17]} Bxd3 {[%clk 1:34:11]} 10. Qxd3 {[%clk 1:33:40]} e6
{[%clk 1:34:36]} 11. Bd2 {[%clk 1:33:34]} Ngf6 {[%clk 1:35:00]} 12. O-O-O
{[%clk 1:33:55]} Be7 {[%clk 1:35:26]} 13. Kb1 {[%clk 1:31:51]} O-O
{[%clk 1:35:48]} 14. Ne4 {[%clk 1:32:16]} c5 {[%clk 1:36:13]} 15. dxc5
{[%clk 1:29:39]} Nxc5 {[%clk 1:36:30]} 16. Nxf6+ {[%clk 1:29:53]} Bxf6
{[%clk 1:36:54]} 17. Qxd8 {[%clk 1:27:08]} Rfxd8 {[%clk 1:37:14]} 18. c3
{[%clk 1:26:54]} Rd5 {[%clk 1:23:53]} 19. Be3 {[%clk 1:25:10]} Rad8
{[%clk 0:56:46]} 20. Kc2 {[%clk 1:24:33]} Ne4 {[%clk 0:36:28]} 21. Bxa7
{[%clk 0:47:45]} Ra8 {[%clk 0:36:45]} 22. Rxd5 {[%clk 0:47:51]} exd5
{[%clk 0:37:10]} 23. Be3 {[%clk 0:47:54]} Rxa2 {[%clk 0:37:37]} 24. Kb3
{[%clk 0:37:17]} Ra5 {[%clk 0:36:24]} 25. g4 {[%clk 0:37:29]} Kf8
{[%clk 0:30:52]} 26. Rd1 {[%clk 0:36:27]} Nd6 {[%clk 0:23:05]} 27. Kc2
{[%clk 0:29:44]} Nc4 {[%clk 0:21:25]} 28. Bc1 {[%clk 0:29:31]} Ke7
{[%clk 0:21:07]} 29. Nd4 {[%clk 0:17:31]} Bxd4 {[%clk 0:18:22]} 30. Rxd4
{[%clk 0:17:56]} Ke6 {[%clk 0:18:18]} 31. b3 {[%clk 0:12:18]} Nd6
{[%clk 0:18:35]} 32. Kb2 {[%clk 0:09:31]} Rb5 {[%clk 0:14:21]} 33. Kc2
{[%clk 0:09:52]} Ra5 {[%clk 0:14:46]} 34. f3 {[%clk 0:07:38]} Ra2+
{[%clk 0:05:27]} 35. Bb2 {[%clk 0:08:03]} Ra8 {[%clk 0:05:38]} 36. Rb4
{[%clk 0:08:03]} Rc8 {[%clk 0:05:04]} 37. Bc1 {[%clk 0:07:41]} Rc5
{[%clk 0:05:01]} 38. Be3 {[%clk 0:07:16]} Ra5 {[%clk 0:05:00]} 39. Bf4
{[%clk 0:06:02]} b5 {[%clk 0:02:33]} 40. Kb2 {[%clk 0:32:41]} Kd7
{[%clk 0:32:37]} 41. Rd4 {[%clk 0:23:55]} Kc6 {[%clk 0:32:43]} 42. Rd2
{[%clk 0:23:46]} Ra8 {[%clk 0:27:16]} 43. Re2 {[%clk 0:19:24]} Re8
{[%clk 0:25:55]} 44. Rxe8 {[%clk 0:17:18]} Nxe8 {[%clk 0:26:24]} 45. Be5
{[%clk 0:16:12]} f6 {[%clk 0:25:45]} 46. Bd4 {[%clk 0:16:27]} Nd6
{[%clk 0:15:13]} 47. Ka3 {[%clk 0:15:39]} Nf7 {[%clk 0:15:35]} 48. f4
{[%clk 0:15:21]} Nd8 {[%clk 0:15:36]} 49. Kb4 {[%clk 0:10:22]} Ne6
{[%clk 0:14:09]} 50. Be3 {[%clk 0:10:29]} Nd8 {[%clk 0:11:01]} 51. Bd4
{[%clk 0:08:49]} Ne6 {[%clk 0:11:26]} 52. Be3 {[%clk 0:09:03]} Nd8
{[%clk 0:11:43]} 53. Bd4 {[%clk 0:03:13]} 1/2-1/2

[Event "Team men PL final"]
[Site "Sochi"]
[Date "2018.05.02"]
[Round "2.30"]
[White "Saveliev, Alexei"]
[Black "Drygalov, Sergey"]
[Result "1/2-1/2"]
[BlackElo "2418"]
[WhiteElo "2354"]
[LiveChessVersion "1.4.8"]

1. e4 {[%clk 1:30:57]} e5 {[%clk 1:30:56]} 2. Nf3 {[%clk 1:31:14]} Nc6
{[%clk 1:31:21]} 3. Bb5 {[%clk 1:30:35]} a6 {[%clk 1:31:46]} 4. Ba4
{[%clk 1:31:01]} Nf6 {[%clk 1:32:12]} 5. O-O {[%clk 1:29:47]} Be7
{[%clk 1:32:31]} 6. Re1 {[%clk 1:30:03]} b5 {[%clk 1:32:56]} 7. Bb3
{[%clk 1:30:29]} d6 {[%clk 1:33:22]} 8. c3 {[%clk 1:29:00]} O-O {[%clk 1:33:46]}
9. h3 {[%clk 1:28:44]} Bb7 {[%clk 1:34:10]} 10. d4 {[%clk 1:27:20]} Re8
{[%clk 1:34:29]} 11. Ng5 {[%clk 1:23:29]} Rf8 {[%clk 1:34:48]} 12. Nf3
{[%clk 1:23:39]} Re8 {[%clk 1:35:13]} 13. Nbd2 {[%clk 1:23:55]} Bf8
{[%clk 1:35:29]} 14. a3 {[%clk 1:16:38]} h6 {[%clk 1:35:20]} 15. Bc2
{[%clk 1:09:55]} Nb8 {[%clk 1:35:37]} 16. b4 {[%clk 0:57:08]} Nbd7
{[%clk 1:35:47]} 17. Bb2 {[%clk 0:57:25]} c6 {[%clk 1:25:28]} 18. Nb3
{[%clk 0:48:11]} Rc8 {[%clk 1:23:31]} 19. Qd2 {[%clk 0:45:16]} Qc7
{[%clk 1:01:22]} 20. Rad1 {[%clk 0:31:04]} Ba8 {[%clk 0:32:12]} 21. Qc1
{[%clk 0:16:31]} Nh5 {[%clk 0:24:32]} 22. Nbd2 {[%clk 0:07:34]} c5
{[%clk 0:19:04]} 23. d5 {[%clk 0:02:49]} a5 {[%clk 0:09:44]} 24. Bd3
{[%clk 0:02:11]} c4 {[%clk 0:07:28]} 25. Bf1 {[%clk 0:01:56]} Nb6
{[%clk 0:07:24]} 26. Qc2 {[%clk 0:02:18]} Qa7 {[%clk 0:05:47]} 27. g3
{[%clk 0:01:10]} Bb7 {[%clk 0:03:00]} 28. Nb1 {[%clk 0:00:58]} Be7
{[%clk 0:01:29]} 29. Bc1 {[%clk 0:01:08]} Bd8 {[%clk 0:01:20]} 30. Be3
{[%clk 0:00:54]} Qa6 {[%clk 0:01:25]} 31. Qd2 {[%clk 0:00:41]} Nf6
{[%clk 0:01:15]} 32. Qc2 {[%clk 0:00:35]} axb4 {[%clk 0:01:13]} 33. cxb4
{[%clk 0:00:39]} Na4 {[%clk 0:00:38]} 34. Nh4 {[%clk 0:00:40]} Rc7
{[%clk 0:00:35]} 35. Bg2 {[%clk 0:00:39]} Bc8 {[%clk 0:00:58]} 36. Kh2
{[%clk 0:00:38]} Rb7 {[%clk 0:00:54]} 37. Rf1 {[%clk 0:00:34]} Bb6
{[%clk 0:01:04]} 38. Bc1 {[%clk 0:00:32]} Bd8 {[%clk 0:00:51]} 39. Be3
{[%clk 0:00:38]} Bb6 {[%clk 0:00:53]} 40. Bc1 {[%clk 0:31:04]} Bd8
{[%clk 0:31:11]} 1/2-1/2

[Event "Team men PL final"]
[Site "Sochi"]
[Date "2018.05.03"]
[Round "3.1"]
[White "Romanov, Evgeny"]
[Black "Svidler, Peter"]
[Result "1/2-1/2"]
[BlackElo "2760"]
[WhiteElo "2619"]
[LiveChessVersion "1.4.8"]

1. d4 {[%clk 1:30:52]} Nf6 {[%clk 1:30:52]} 2. Bg5 {[%clk 1:31:05]} Ne4
{[%clk 1:26:54]} 3. Bf4 {[%clk 1:31:19]} c5 {[%clk 1:27:19]} 4. f3
{[%clk 1:31:39]} Qa5+ {[%clk 1:27:04]} 5. c3 {[%clk 1:32:01]} Nf6
{[%clk 1:27:30]} 6. Nd2 {[%clk 1:32:21]} cxd4 {[%clk 1:27:20]} 7. Nb3
{[%clk 1:32:15]} Qb6 {[%clk 1:26:21]} 8. Qxd4 {[%clk 1:32:27]} Nc6
{[%clk 1:18:48]} 9. Qxb6 {[%clk 1:30:45]} axb6 {[%clk 1:19:14]} 10. Nd4
{[%clk 1:24:54]} Ra5 {[%clk 1:13:03]} 11. b4 {[%clk 1:15:14]} Ra4
{[%clk 1:11:34]} 12. e4 {[%clk 1:08:54]} Nxd4 {[%clk 0:50:43]} 13. cxd4
{[%clk 1:08:41]} e6 {[%clk 0:51:10]} 14. Bb5 {[%clk 1:08:56]} Rxb4
{[%clk 0:48:34]} 15. a4 {[%clk 0:50:46]} Rxd4 {[%clk 0:44:09]} 16. Ne2
{[%clk 0:51:10]} Rb4 {[%clk 0:43:51]} 17. Kd2 {[%clk 0:47:31]} Bc5
{[%clk 0:40:53]} 18. Kc2 {[%clk 0:45:11]} Ke7 {[%clk 0:39:41]} 19. Bd2
{[%clk 0:44:10]} d5 {[%clk 0:38:44]} 20. Bxb4 {[%clk 0:44:03]} Bxb4
{[%clk 0:38:04]} 21. Kb3 {[%clk 0:39:47]} Bc5 {[%clk 0:36:52]} 22. e5
{[%clk 0:30:19]} Nd7 {[%clk 0:36:33]} 23. f4 {[%clk 0:30:42]} Rg8
{[%clk 0:22:22]} 24. g3 {[%clk 0:24:42]} g5 {[%clk 0:21:57]} 25. Rhe1
{[%clk 0:24:32]} Be3 {[%clk 0:18:15]} 26. Kc2 {[%clk 0:21:17]} Nc5
{[%clk 0:08:49]} 27. Ra3 {[%clk 0:21:40]} d4 {[%clk 0:08:32]} 28. Rd1
{[%clk 0:21:29]} gxf4 {[%clk 0:07:55]} 29. Nxd4 {[%clk 0:20:01]} f6
{[%clk 0:05:06]} 30. gxf4 {[%clk 0:17:24]} Bxf4 {[%clk 0:04:52]} 31. exf6+
{[%clk 0:17:45]} Kxf6 {[%clk 0:05:12]} 32. Ne2 {[%clk 0:18:05]} e5
{[%clk 0:01:36]} 33. Nxf4 {[%clk 0:12:01]} exf4 {[%clk 0:02:04]} 34. Rf3
{[%clk 0:11:58]} Bf5+ {[%clk 0:00:49]} 35. Kc3 {[%clk 0:12:10]} Ke5
{[%clk 0:00:48]} 36. Bc4 {[%clk 0:05:01]} Rc8 {[%clk 0:00:48]} 37. Kb4
{[%clk 0:02:25]} Na6+ {[%clk 0:00:41]} 38. Kc3 {[%clk 0:02:18]} Nc5
{[%clk 0:01:01]} 39. Kb4 {[%clk 0:02:43]} Na6+ {[%clk 0:00:59]} 40. Kc3
{[%clk 0:33:32]} 1/2-1/2